Logistical Measurement Strategy on Coordinate Measuring Machines as a Tool for the Reproducibility of Results
Skúmanie vplyvu vybranej logistickej stratégie merania na súradnicových meracích strojoch na reprodukovateľnosť výsledkov meraní. Optimalizácia reprodukovateľnosti výsledkov meraní je jedna zo základných požiadavok v procese overovania kvality medzi procesmi, pracoviskami a organizáciami.
Guardado en:
| Autor principal: | |
|---|---|
| Otros Autores: | , |
| Formato: | Capítulo de libro |
| Lenguaje: | inglés |
| Materias: | |
| Etiquetas: |
Sin Etiquetas, Sea el primero en etiquetar este registro!
|
MARC
| LEADER | 00000naa a2200000 4500 | ||
|---|---|---|---|
| 001 | 0242214 | ||
| 005 | 20240502083649.9 | ||
| 041 | 0 | |a eng | |
| 044 | |a CZ | ||
| 245 | 1 | 0 | |a Logistical Measurement Strategy on Coordinate Measuring Machines as a Tool for the Reproducibility of Results |c Naqib Daneshjo, Marian Kralik, Enayat Danishjoo |
| 520 | |a Skúmanie vplyvu vybranej logistickej stratégie merania na súradnicových meracích strojoch na reprodukovateľnosť výsledkov meraní. Optimalizácia reprodukovateľnosti výsledkov meraní je jedna zo základných požiadavok v procese overovania kvality medzi procesmi, pracoviskami a organizáciami. | ||
| 610 | 2 | 0 | |a priemysel strojársky |
| 610 | 2 | 0 | |a stroje |
| 610 | 2 | 0 | |a stratégia logistická |
| 610 | 2 | 0 | |a modely |
| 610 | 2 | 0 | |a meranie |
| 100 | 1 | |a Daneshjo, Naqibullah, 1964- | |
| 700 | 1 | |a Kralík, Marián | |
| 700 | 1 | |a Danishjoo, Enayat | |